000 01118nam a2200217Ia 4500
999 _c34012
_d34012
003 OSt
005 20210623103034.0
008 160316s2012 xxu||||| |||| 00| 0 eng d
020 _a9788192120447
040 _cn
082 _a346.048600
_bSAT
100 _aSathe Milind V
245 _aCompulsory licensing in knowledge economy : It is now or never : what, why, and when about CL
260 _aNew Delhi
_bSatyam Law International
_c2012
300 _a442p
_cxvii
365 _b Rs. 1,295
505 _aContents: 1. What is patent monopoly?; 2. Compulsory licensing? past and present; 3. Need for compulsory licensing; 4. How is CL viewed in WTO TRIPs and DOHA declaration?; 5. Essential precursor conditions for compulsory licensing; 6. Some additional pre-requisites for effective compulsory licensing; 7. TRIPs on compulsory licensing; 8. Exemplary cases of compulsory licensing; 9. Practical hurdles/barriers in effective implementation of compulsory licensing; 10. Role of public and apex bodies.
650 _a1. Compulsory Licensing Of Patents
700 _a
_a
942 _2ddc
_cBK